00497nam a2200193 a 4500001001300000003000900013005001700022008004100039020000900080082001900089100002200108245002300130260004000153300000900193500003500202505002000237650002400257700002200281nice12345678IN_TiNIC20260116012133.0050524s1965 dela grp 000 0 urd  ac1900a297.12407bZAK aZakaria, Muhammed aFazail Sadqat Aksi aDelhibIdara-E-Ishaat Diniyatc1965 a232p aincludes index and biblioraphy2 aGlossary, Index aHadith-Commentaries1 aZakaria, Muhammed